000 00368nam a2200133Ia 4500
005 20260328101529.0
008 260328s9999||||xx |||||||||||||| ||und||
100 _aPierre, George
245 0 _aLa Ville :
_b Le Fait Urbain a Travers Le Monde /
_cGeorge Pierre
260 _bPresses Universitaires de France
300 _a391 p.
650 _aDISEÑO URBANO
942 _cBK
999 _c9900
_d9900